Unpaid Work and Time Use Patterns Of Women in North East India :Special Reference To Tripura (Record no. 511494)

000 -LEADER
fixed length control field 00394nam a22001217a 4500
020 ## - INTERNATIONAL STANDARD BOOK NUMBER
International Standard Book Number 9789382902676
082 ## - DEWEY DECIMAL CLASSIFICATION NUMBER
Classification number B142x54 K277
100 ## - MAIN ENTRY--PERSONAL NAME
Personal name Samantory, Ellina
9 (RLIN) 11313
245 ## - TITLE STATEMENT
Title Unpaid Work and Time Use Patterns Of Women in North East India :Special Reference To Tripura
260 ## - PUBLICATION, DISTRIBUTION, ETC. (IMPRINT)
Place of publication, distribution, etc Noida
Name of publisher, distributor, etc V.V. Giri National Labour Institute
Date of publication, distribution, etc 2019
300 ## - PHYSICAL DESCRIPTION
Extent 106p.
650 ## - SUBJECT ADDED ENTRY--TOPICAL TERM
Topical term or geographic name as entry element Women--Employment
9 (RLIN) 11527
Holdings
Withdrawn status Lost status Source of classification or shelving scheme Damaged status Koha normalized classification for sorting Not for loan Permanent location Current location Date acquired Full call number Barcode Date last seen Price effective from Koha item type
        B_142X54_K277   Indian Institute of Public Administration Indian Institute of Public Administration 2019-09-25 B142x54 K277 GR21815 2019-09-25 2019-09-25 GR

Powered by Koha